LEADER 01140nam2-2200385---450- 001 990003224100203316 005 20091106090758.0 010 $a0-8176-3440-1 035 $a000322410 035 $aUSA01000322410 035 $a(ALEPH)000322410USA01 035 $a000322410 100 $a20090422d1991----km-y0itay0103----ba 101 $aeng 102 $aUS 105 $a||||||||001yy 200 1 $aTata lectures on theta III$fDavid Mumford, Madhav Nori, Peter Norman 210 $aBoston$cBirkhauser$dcopyr. 1991 215 $a202 p.$cill.$d23 cm 225 2$aProgress in mathematics$v97 410 1$1001000334452$12001$aProgress in mathematics$v97 610 0$aFunzioni theta 676 $a515.984 700 1$aMUMFORD,$bDavid$042095 701 $aNORI,$bMadhav$0603720 701 $aNORMAN,$bPeter$0350529 801 0$aIT$bsalbc$gISBD 912 $a990003224100203316 951 $a510 PIM 97$b16399/CBS$c510$d00111874 959 $aBK 969 $aSCI 979 $aRSIAV7$b90$c20090422$lUSA01$h1035 979 $aRSIAV6$b90$c20091106$lUSA01$h0907 996 $aTata lectures on theta III$91011716 997 $aUNISA LEADER 02033oam 2200517I 450 001 9910707713103321 005 20161121152341.0 035 $a(CKB)5470000002467421 035 $a(OCoLC)885281854 035 $a(EXLCZ)995470000002467421 100 $a20140805d1976 ua 0 101 0 $aeng 135 $aurbn||||||||| 181 $ctxt$2rdacontent 182 $cc$2rdamedia 183 $acr$2rdacarrier 200 10$aMineral resources of the Bradwell Bay Wilderness and the Sopchoppy River Study Area, Wakulla County, Florida /$fby Cornelia C. Cameron and by Peter C. Mory ; with sections on Phosphate, by James B. Cathcart, and Sand, by Philip J. Geraci 210 1$a[Washington, D.C.] :$cUnited States Department of the Interior, Geological Survey,$d1977. 210 2$aWashington :$cUnited States Government Printing Office. 215 $a1 online resource (vi, 37 pages, 1 page of plates) $cillustrations, maps 225 1 $aGeological Survey bulletin ;$v1431 225 1 $aStudies related to wilderness--wilderness areas 300 $a"Evaluation of mineral potential of area." 320 $aIncludes bibliographical references (pages 36-37). 606 $aGeology$zFlorida$zWakulla County 606 $aMines and mineral resources$zFlorida$zWakulla County 606 $aMines and mineral resources$2fast 607 $aFlorida$zWakulla County$2fast 615 0$aGeology 615 0$aMines and mineral resources 615 7$aMines and mineral resources. 700 $aCameron$b Cornelia C.$f1911-1994,$01388948 702 $aCathcart$b James Bachelder$f1917- 702 $aGeraci$b Philip J. 702 $aMory$b Peter C. 712 02$aGeological Survey (U.S.), 801 0$bCOP 801 1$bCOP 801 2$bOCLCO 801 2$bOCLCF 801 2$bOCLCA 801 2$bGPO 906 $aBOOK 912 $a9910707713103321 996 $aMineral resources of the Bradwell Bay Wilderness and the Sopchoppy River Study Area, Wakulla County, Florida$93440000 997 $aUNINA